| 000 | 01450nam a2200373 c 4500 | ||
|---|---|---|---|
| 001 | 15375 | ||
| 003 | ES-MaCES | ||
| 005 | 20141221122350.0 | ||
| 008 | 030723s2002 sp t 100 | spa d | ||
| 017 |
_aM 37734-2002 _bDL |
||
| 020 | _a8484300315 | ||
| 035 | _aCES20030010786m | ||
| 040 |
_aES-MaCES _bspa _cES-MaCES |
||
| 111 | 2 |
_aJornada sobre Incapacidad Temporal _n1ª _d2002 _cMadrid _9824 |
|
| 245 | 1 | 0 |
_aPrimera Jornada sobre Incapacidad Temporal _c[organizada conjuntamente por CEOE con la colaboración de AMAT] |
| 260 |
_aMadrid _bInstituto Superior de Estudios Empresariales _c2002 |
||
| 300 |
_a185 p. _c24 cm |
||
| 650 | 4 |
_adiscapacidad de origen profesional _929331 |
|
| 650 | 4 |
_aprestaciones de invalidez _927036 |
|
| 650 | 4 |
_acotizaciones _930106 |
|
| 650 | 4 |
_aresponsabilidad del empleador _930146 |
|
| 650 | 4 |
_amutualidad _930256 |
|
| 650 | 4 |
_aseguridad social _927034 |
|
| 650 | 4 |
_aregímenes especiales de Seguridad Social _931067 |
|
| 650 | 4 |
_aEspaña _926964 |
|
| 650 | 4 |
_arégimen jurídico _929894 |
|
| 653 | 1 | 0 | _aSeguridad Social |
| 710 | 2 |
_aInstituto Superior de Estudios Empresariales (Madrid) _eed. _94324 |
|
| 710 | 2 |
_aConfederación Española de Organizaciones Empresariales _92261 |
|
| 710 | 2 |
_aAsociación de Mutuas de Accidentes de Trabajo y Enfermedades Profesionales de la Seguridad Social _91423 |
|
| 902 | _aLIB Libro | ||
| 942 |
_2CES _cBK _h3.0. |
||
| 999 |
_c15375 _d15375 |
||